000 00446nam a2200157 i 4500
001 48968
003 ES-MaACL
005 20230906161845.0
007 t|
008 030703s1908 fr ||||1| fre d
100 1 _aCornelissen, Christian.
_940618
245 1 0 _aTheorie du salaire et du travail salariƩ /
_cpar Christian Cornelissen.
260 _aParis :
_bGiard et Briere,
_c1908.
300 _a704 p. ;
_c23 cm.
852 _aES-MaACL
_jF-14109
999 _c48968
_d48968